Organisation Development & Change (Record no. 62386)
[ view plain ]
| 000 -LEADER | |
|---|---|
| fixed length control field | 00708nam a22002177a 4500 |
| 003 - CONTROL NUMBER IDENTIFIER | |
| control field | NUST-PNEC |
| 005 - DATE AND TIME OF LATEST TRANSACTION | |
| control field | 20170116180746.0 |
| 008 - FIXED-LENGTH DATA ELEMENTS--GENERAL INFORMATION | |
| fixed length control field | 150210b xxu||||| |||| 00| 0 eng d |
| 020 ## - INTERNATIONAL STANDARD BOOK NUMBER | |
| International Standard Book Number | 9780170132800 |
| 040 ## - CATALOGING SOURCE | |
| Transcribing agency | PNEC |
| 082 ## - DEWEY DECIMAL CLASSIFICATION NUMBER | |
| Classification number | 302.35 WAD |
| 100 ## - MAIN ENTRY--PERSONAL NAME | |
| 9 (RLIN) | 1324 |
| Personal name | Waddell Dianne |
| 245 ## - TITLE STATEMENT | |
| Title | Organisation Development & Change |
| Remainder of title | Dianne Waddell |
| 250 ## - EDITION STATEMENT | |
| Edition statement | 3rd edition |
| 260 ## - PUBLICATION, DISTRIBUTION, ETC. | |
| Place of publication, distribution, etc. | Australia |
| Name of publisher, distributor, etc. | Asia Pacific |
| Date of publication, distribution, etc. | c.2007 |
| 300 ## - PHYSICAL DESCRIPTION | |
| Extent | xx,486 p.: |
| Other physical details | il.; |
| Dimensions | 26cm |
| 500 ## - GENERAL NOTE | |
| General note | includes index |
| 650 ## - SUBJECT ADDED ENTRY--TOPICAL TERM | |
| General subdivision | General |
| 856 ## - ELECTRONIC LOCATION AND ACCESS | |
| Uniform Resource Identifier | <a href="http://www.amazon.com/Organisation-Development-Change-Dianne-Waddell/dp/0170132803/ref=sr_1_1?s=books&ie=UTF8&qid=1423554195&sr=1-1&keywords=9780170132800">http://www.amazon.com/Organisation-Development-Change-Dianne-Waddell/dp/0170132803/ref=sr_1_1?s=books&ie=UTF8&qid=1423554195&sr=1-1&keywords=9780170132800</a> |
| 942 ## - ADDED ENTRY ELEMENTS (KOHA) | |
| Source of classification or shelving scheme | |
| Koha item type | Book |
| Withdrawn status | Lost status | Source of classification or shelving scheme | Damaged status | Not for loan | Permanent Location | Current Location | Shelving location | Date acquired | Source of acquisition | Cost, normal purchase price | Total Checkouts | Full call number | Barcode | Date last seen | Cost, replacement price | Price effective from | Koha item type |
|---|---|---|---|---|---|---|---|---|---|---|---|---|---|---|---|---|---|
| Pakistan Navy Engineering College (PNEC) | Pakistan Navy Engineering College (PNEC) | 05/27/2010 | I & M Fund | 4745.00 | 302.35 WAD | PNECLIB-029736 | 02/10/2015 | 4745.00 | 05/27/2010 | Book |
